Riadenie polohy objektu v prúde vzduchu diplomová práca

Salvato in:
Dettagli Bibliografici
Autore principale: Hronec, Rudolf
Natura: Libro
Lingua:slovacco
Pubblicazione: Bratislava STU FCHPT 2019
Accesso online:Visualizza in OPAC
Tags: Aggiungi Tag
Nessun Tag, puoi essere il primo ad aggiungerne!!

MARC

LEADER 00000nam a2200000 a 4500
005 20260127134420.0
008 190625 2019 xo a 000 0 slo d
035 |a vtls011873665 
039 9 |y 201906250911  |z mschk03 
040 |a STUSCHK1  |b slo  |c STUSCHK1  |e AACR2 
100 1 |a Hronec, Rudolf  |9 571 
245 1 |a Riadenie polohy objektu v prúde vzduchu  |b diplomová práca  |c Rudolf Hronec 
260 |a Bratislava  |b STU FCHPT  |c 2019 
300 |a 82 s.  |b Obr., tab.  |c 25 cm 
500 |a Študijný program: automatizácia a informatizácia v chémii a pottravinárstve 
500 |a Študijný odbor: automatizácia 
500 |a Školiace pracovisko: Oddelenie informatizácie a riadenia procesov 
500 |a Evid. číslo: FCHPT-5415-63870 
910 |a SCHK95 
999 |c 12263  |d 12263